La resurrezione di Gesù di Nazareth. (Record n. 30223)

Dettagli MARC
000 -LEADER
fixed length control field 00754nam a2200241Ia 4500
003 - CONTROL NUMBER IDENTIFIER
control field IT-RoPAU
008 - FIXED-LENGTH DATA ELEMENTS--GENERAL INFORMATION
fixed length control field 120407s9999 xx 000 0 und d
040 ## - CATALOGING SOURCE
Original cataloging agency IT-RoPAU
040 ## - CATALOGING SOURCE
Transcribing agency IT-RoPAU
041 ## - LANGUAGE CODE
Language code of text/sound track or separate title ita
100 ## - MAIN ENTRY--PERSONAL NAME
Personal name Willi Marxsen
245 ## - TITLE STATEMENT
Title La resurrezione di Gesù di Nazareth.
250 ## - EDITION STATEMENT
Edition statement Bologna
260 ## - PUBLICATION, DISTRIBUTION, ETC. (IMPRINT)
Place of publication, distribution, etc. ED
260 ## - PUBLICATION, DISTRIBUTION, ETC. (IMPRINT)
Date of publication, distribution, etc. 1970
300 ## - PHYSICAL DESCRIPTION
Extent 246 p.
300 ## - PHYSICAL DESCRIPTION
Dimensions 22 cm
490 ## - SERIES STATEMENT
Series statement Epifania della Parola
490 ## - SERIES STATEMENT
Volume/sequential designation 16
600 ## - SUBJECT ADDED ENTRY--PERSONAL NAME
Personal name "Tit. orig.: Die Auferstehung Jesu von Nazareth. Trad. B. Liverani. Ed. italiana a cura di C. Benincasa. In testa al front.: Willi Marxen. 1 - Resurrezione I - Liverani, Bruno II - Benincasa, Carmine. 232.5 BNI 71-1295"
942 ## - ADDED ENTRY ELEMENTS (KOHA)
Koha item type LIBRO
Dati di copia
Withdrawn status Lost status Source of classification or shelving scheme Damaged status Not for loan Home library Current library Date acquired Total Checkouts Full call number Date last seen Price effective from Koha item type Public note
    Dewey Decimal Classification Buone Condizioni Not For Loan PAULUS-BIBLIOTECA PAULUS-BIBLIOTECA 11/04/2012   230.66 11/04/2012 11/04/2012 LIBRO Inserito da: Jole In data: 12 settembre 2011 fondo: Via A.Severo 56 Progr:21265
CREDITS: SOCIETA' SAN PAOLO Via A.Severo, 58 - ROMA (RM) & PERIODICI SAN PAOLO SRL Via Giotto, 36 MILANO & CISF Via Giotto, 36 MILANO & EDIZIONI SAN PAOLO SRL,  Piazza Soncino, 5 CINISELLO BALSAMO (MI) -- ITALY